00303nam a2200121Ia 4500020001700000082001700017100002200034245002500056250000800081260003600089650002000125650003600145 a0-210-2281-6 a025.32 RAN-; aRanganathan, S.R. 0aCataloguing practice a2nd aNew YorkbAsia Publishingc1974 aLibrary science aCataloging - Study and teaching